| 000 | 00484nam a22001337a 4500 | ||
|---|---|---|---|
| 999 |
_c521283 _d521283 |
||
| 008 | 230102b ||||| |||| 00| 0 eng d | ||
| 100 |
_aPaul, Biswajit and Sana, Ashish Kumar _936476 |
||
| 245 | _aDoes physical infrastructure investment facilitate resilient and sustainable proclivity in India? An empirical investigation | ||
| 260 | _aProductivity | ||
| 300 | _a63(1), Apr-Jun, 2022: p.11-20 | ||
| 773 | _aProductivity | ||
| 906 | _aINFRASTRUCTURE DEVELOPMENT | ||
| 942 | _cAR | ||